Les meilleurs joueurs sur FIFA 15 - Statistiques

Statistiques générales
  • Ce quiz a été pris 643 fois
    472 depuis la dernière actualisation
  • Le résultat moyen est 24 sur 33
Statistiques - réponses
Note Joueurs Club % Correct
92 Cristiano Ronaldo Real Madrid
100%
93 Lionel Messi FC Barcelone
100%
90 Zlatan Ibrahimović Paris Saint-Germain
97%
90 Manuel Neuer Bayern Munich
94%
86 Neymar Jr FC Barcelone
92%
89 Andrés Iniesta FC Barcelone
91%
89 Luis Suárez FC Barcelone
89%
87 Robert Lewandowski Bayern Munich
86%
90 Arjen Robben Bayern Munich
84%
86 Xavi FC Barcelone
84%
88 Franck Ribéry Bayern Munich
83%
88 Eden Hazard Chelsea
81%
88 Radamel Falcao AS Monaco
81%
87 Thiago Silva Paris Saint-Germain
81%
87 Sergio Ramos Real Madrid
80%
87 Luka Modrić Real Madrid
79%
86 Sergio Agüero Manchester City
79%
86 Edinson Cavani Paris Saint-Germain
77%
87 Gareth Bale Real Madrid
77%
87 David Silva Manchester City
76%
87 Philipp Lahm Bayern Munich
74%
86 Marco Reus Borussia Dortmund
72%
86 Thomas Müller Bayern Munich
65%
86 Wayne Rooney Manchester United
64%
86 Mats Hummels Borussia Dortmund
60%
86 Mesut Özil Arsenal
56%
86 Thibaut Courtois Chelsea
45%
86 Ángel Di María Manchester United
44%
86 Yaya Touré Manchester City
42%
88 Robin van Persie Manchester United
41%
86 Vincent Kompany Manchester City
40%
88 Bastian Schweinsteiger Bayern Munich
38%
86 James Rodríguez Real Madrid
38%
Aucun quiz correspondant
Distribution des résultats
% des personnes avec chaque résultat
Percentile par nombre de réponses
Votre historique - résultats
Vous n’avez pas pris ce quiz depuis la dernière actualisation